[Event "EYTCC Open U18 2018"]
[Site "Bad Blankeburg"]
[Date "2018.07.16"]
[Round "5"]
[White "Zarubitski, Viachaslau"]
[Black "Dobrovoljc, Vid"]
[Result "1-0"]
[WhiteElo "2412"]
[BlackElo "2344"]
[Annotator "TA"]
[PlyCount "133"]
[EventDate "2018.07.12"]
[EventType "swiss"]
[EventCountry "GER"]
[SourceTitle "playchess.com"]
[Source "ChessBase"]
[SourceQuality "1"]

{[%evp 28,133,13,8,9,5,8,0,0,-16,-8,-9,0,0,17,18,8,5,25,29,22,27,87,50,47,47,49,54,52,58,66,57,90,89,84,82,175,131,137,130,214,208,205,197,207,177,195,187,216,205,228,208,258,291,297,289,304,318,328,321,318,306,275,271,170,43,451,441,318,289,612,584,1169,935,603,599,746,717,5608,5251,4706,4433,12091,11190,29969,29970,29966,29970,29971,29973,29976,29976,29976,29977,29977,29978,29978,29979,29979,29980,29982,29983,29989,29990,29990,29991,29991,29992]} 1. e4 e5 2. Nf3 Nc6 3. Bb5 Nf6 4. O-O Nxe4 5. Re1 Nd6 6. Nxe5 Be7 7. Bf1 Nxe5 8. Rxe5 O-O 9. d4 Bf6 10. Re1 Re8 {C67: Ruy Lopez: Berlin Defence: 4 0-0 Nxe4} 11. c3 Rxe1 12. Qxe1 Ne8 13. Bf4 d5 14. Bd3 c6 15. Nd2 {LiveBook: 5 Games} g6 {[#]} 16. a4 $146 ({Predecessor:} 16. Nf3 Ng7 17. Qe2 Bf5 18. Bxf5 Nxf5 {½-½ (64) Topalov,V (2741)-So,W (2822) Shamkir 2017}) 16... a5 17. Nf1 Ng7 18. Ng3 h5 19. h3 h4 20. Nf1 Bf5 21. Bxf5 Nxf5 22. Ne3 Bg5 23. Bxg5 Qxg5 24. Nxf5 gxf5 $11 {[%mdl 4096] Endgame KQR-KQR} (24... Qxf5 $11 {keeps the balance.} 25. Qe7 Rb8) 25. Qe2 Kh7 26. Re1 Rg8 {[%csl Gg8][%cal Rg5g2]} 27. Qf3 Kg6 28. Kh2 Rd8 29. Re5 Rd6 30. g3 hxg3+ 31. Qxg3 (31. fxg3 $6 Re6 $11) 31... Rd7 (31... Rd8 $16 {was called for.}) 32. Qxg5+ Kxg5 $18 {KR-KR} 33. Kg3 f6 (33... Rc7 $16 34. h4+ Kg6) 34. h4+ Kg6 {[#]} 35. Re8 $1 c5 36. Rg8+ Kh7 {[#]} 37. Ra8 $1 cxd4 38. cxd4 Rg7+ 39. Kf4 Rg4+ 40. Kxf5 Rxd4 41. Rxa5 b6 42. Rb5 Rxa4 43. f4 (43. Rxd5 Rxh4 44. f4 (44. Kxf6 Rf4+ 45. Ke5 Rb4 $16) 44... b5 $16) 43... d4 44. b3 (44. Kxf6 d3 $16) (44. Rxb6 Kg7 $16) 44... Ra2 45. Ke4 ({Don't play} 45. Rxb6 $6 d3 $18) (45. Kxf6 $6 Ra5 $16) 45... Rf2 46. f5 ({Of course not} 46. Kxd4 $6 Rxf4+ 47. Kc3 Rxh4 $11) (46. Rxb6 $18 Kg6 47. h5+ (47. Kxd4 Rxf4+ 48. Kd5 Rxh4 $16) 47... Kxh5 48. Rxf6) 46... Rd2 $2 {[%mdl 8192]} (46... Rh2 $14) 47. Rxb6 Kg7 48. Rb4 d3 $2 (48... Re2+ 49. Kxd4 Re5 50. Rb7+ Kh6) 49. Rd4 Kf7 50. Rd7+ Ke8 51. Rxd3 Rh2 52. Kd5 Kd7 53. Rd4 Re2 54. b4 {[%cal Bb3b4,Bb4b5][%mdl 32]} Rf2 55. b5 Rb2 56. h5 {White mates.} Rh2 57. Kc5+ Kc8 58. Kd6 Rxh5 59. Ke6 Rh6 60. Kf7 Kc7 61. Kg7 Rh1 62. Kxf6 Kb6 63. Rd5 Rb1 64. Ke6 Rxb5 65. Rxb5+ Kxb5 66. f6 {[%cal Bf5f6,Bf6f7][%mdl 32]} Kc6 67. f7 {Precision: White = 74%, Black = 28%.} 1-0

[Event "EYTCC Open U18 2018"]
[Site "Bad Blankeburg"]
[Date "2018.07.16"]
[Round "5"]
[White "Badelka, Olga"]
[Black "Amon, Nejc"]
[Result "1-0"]
[WhiteElo "2407"]
[BlackElo "2295"]
[Annotator "ChessBase"]
[PlyCount "67"]
[EventDate "2018.07.12"]
[EventType "swiss"]
[EventCountry "GER"]
[SourceTitle "playchess.com"]
[Source "ChessBase"]
[SourceQuality "1"]
[TimeControl "40/5400+30:1800+30"]

1. c4 {[%emt 0:00:00]} Nf6 {[%emt 0:00:00]} 2. Nc3 {[%emt 0:00:00]} e6 {[%emt 0:00:00]} 3. e4 {[%emt 0:00:10]} d5 {[%emt 0:00:03]} 4. e5 {[%emt 0:00:11]} d4 {[%emt 0:00:12]} 5. exf6 {[%emt 0:00:03]} dxc3 {[%emt 0:00:08]} 6. bxc3 {[%emt 0:00:02]} Qxf6 {[%emt 0:00:14]} 7. Nf3 {[%emt 0:00:04]} b6 {[%emt 0:00:27]} 8. d4 {[%emt 0:02:48]} Bb7 {[%emt 0:00:26]} 9. Be2 {[%emt 0:00:55]} h6 {[%emt 0:01:00]} 10. Rb1 {[%emt 0:03:12]} Qg6 {[%emt 0:16:41]} 11. Bf4 {[%emt 0:02:34]} Be4 {[%emt 0:05:06]} 12. Qa4+ {[%emt 0:15:20]} Bc6 {[%emt 0:00:57]} 13. Qb3 {[%emt 0:00:19]} Bd6 {[%emt 0:06:36]} 14. Bg3 {[%emt 0:00:37]} Nd7 {[%emt 0:02:53]} 15. O-O {[%emt 0:01:53]} O-O {[%emt 0:08:27]} 16. Rbd1 {[%emt 0:00:14]} e5 {[%emt 0:09:19]} 17. Nh4 {[%emt 0:10:51]} Qf6 {[%emt 0:00:44]} 18. Bg4 {[%emt 0:03:20]} exd4 {[%emt 0:08:59]} 19. cxd4 {[%emt 0:00:13]} Qg5 {[%emt 0:03:22]} 20. Bf3 {[%emt 0:10:27]} Bxf3 {[%emt 0:02:52]} 21. Qxf3 {[%emt 0:00:14]} Qa5 {[%emt 0:03:35]} 22. Bxd6 {[%emt 0:03:12]} cxd6 {[%emt 0:00:06]} 23. Nf5 {[%emt 0:00:04]} Kh7 {[%emt 0:10:54]} 24. Nxd6 {[%emt 0:02:29]} Nf6 {[%emt 0:00:11]} 25. a3 {[%emt 0:10:04]} Qa4 {[%emt 0:02:23]} 26. c5 {[%emt 0:02:21]} bxc5 {[%emt 0:01:26]} 27. dxc5 {[%emt 0:00:05]} Qa5 {[%emt 0:00:07]} 28. Rc1 {[%emt 0:05:01]} Rab8 {[%emt 0:01:13]} 29. c6 {[%emt 0:06:13]} Qc7 {[%emt 0:00:17]} 30. Nb5 {[%emt 0:02:26]} Qb6 {[%emt 0:01:54]} 31. c7 {[%emt 0:02:51]} Rbc8 {[%emt 0:00:10]} 32. Qc6 {[%emt 0:00:22]} Ne8 {[%emt 0:05:35]} 33. Qxb6 {[%emt 0:00:55]} axb6 {[%emt 0:00:06]} 34. Rfd1 {[%emt 0:00:28]} 1-0

[Event "EYTCC Open U18 2018"]
[Site "Bad Blankeburg"]
[Date "2018.07.16"]
[Round "5"]
[White "Schmidek, Emil"]
[Black "Gorshtein, Ido"]
[Result "1-0"]
[WhiteElo "2376"]
[BlackElo "2382"]
[Annotator "NA"]
[PlyCount "73"]
[EventDate "2018.07.12"]
[EventType "swiss"]
[EventCountry "GER"]
[SourceTitle "playchess.com"]
[Source "ChessBase"]
[SourceQuality "1"]
[TimeControl "40/5400+30:1800+30"]

1. e4 {[%emt 0:00:00]} c6 {[%emt 0:00:00]} 2. d4 {[%emt 0:00:00]} d5 {[%emt 0:00:00]} 3. e5 {[%emt 0:00:00]} Bf5 {[%emt 0:00:00]} 4. Nf3 {[%emt 0:00:00]} e6 {[%emt 0:00:00]} 5. Be2 {[%emt 0:00:00]} Bb4+ {[%emt 0:00:00] B12: Caro-Kann: Advance Variation} 6. c3 {[%emt 0:01:27]} Ba5 {[%emt 0:00:11]} 7. O-O {[%emt 0:00:24]} Nd7 {[%emt 0:00:43]} 8. Nbd2 {[%emt 0:03:41]} Bc7 {[%emt 0:00:02] LiveBook: 18 Games} 9. Ne1 {[%emt 0:05:31]} f6 $146 {[%emt 0:05:13]} ({Predecessor:} 9... Ne7 10. Nd3 O-O 11. Nf3 h6 12. Nf4 c5 13. h3 cxd4 14. cxd4 {0-1 (50) Grischuk,A (2747)-Andreikin,D (2743) ICC INT 2016}) 10. f4 {[%emt 0:00:51]} Ne7 {[%emt 0:00:16]} 11. h4 {[%emt 0:19:28]} ({Better is} 11. Bh5+ $14 Kf8 12. g4) 11... fxe5 {[%emt 0:03:03]} 12. fxe5 {[%emt 0:00:30]} Ng6 {[%emt 0:06:41]} 13. Ndf3 {[%emt 0:41:06]} Nxh4 {[%emt 0:02:24]} 14. Bg5 {[%emt 0:00:13]} Nxf3+ {[%emt 0:00:01]} 15. Nxf3 {[%emt 0:00:07]} Qc8 {[%emt 0:03:15]} 16. Nh4 {[%emt 0:01:26]} O-O $16 {[%emt 0:01:44]} 17. Nxf5 {[%emt 0:02:19]} Rxf5 {[%emt 0:02:07]} 18. Rxf5 {[%emt 0:00:28]} exf5 {[%emt 0:00:01]} 19. Qd3 {[%emt 0:02:33]} Nxe5 {[%emt 0:27:34]} 20. dxe5 {[%emt 0:00:33]} Qe6 {[%emt 0:00:01]} 21. Bf4 {[%emt 0:04:18]} Re8 {[%emt 0:00:02]} 22. c4 {[%emt 0:03:08]} g5 {[%emt 0:10:14]} 23. cxd5 {[%emt 0:02:45]} cxd5 {[%emt 0:01:02]} 24. Bf3 {[%emt 0:01:35]} Bb6+ {[%emt 0:02:54]} 25. Be3 {[%emt 0:02:22]} Bxe3+ {[%emt 0:00:02]} 26. Qxe3 {[%emt 0:00:08]} g4 {[%emt 0:00:06]} 27. Bd1 {[%emt 0:02:57]} Qxe5 {[%emt 0:00:16]} 28. Qxe5 {[%emt 0:01:40]} Rxe5 {[%emt 0:00:01]} 29. Bb3 {[%emt 0:00:23]} Kf7 {[%emt 0:00:49]} 30. Kf2 {[%emt 0:01:17]} Kg6 {[%emt 0:01:09]} 31. Rd1 {[%emt 0:01:21]} Kg5 {[%emt 0:00:24]} 32. Rxd5 {[%emt 0:01:57]} Re7 {[%emt 0:01:05]} 33. Bc2 {[%emt 0:00:20]} Rf7 {[%emt 0:00:01]} 34. g3 {[%emt 0:00:21]} h5 {[%emt 0:00:09]} 35. a4 {[%emt 0:00:52]} h4 {[%emt 0:00:32]} 36. gxh4+ {[%emt 0:00:10]} Kf4 {[%emt 0:00:01]} 37. h5 {[%emt 0:00:23]} 1-0

[Event "EYTCC Open U18 2018"]
[Site "Bad Blankeburg"]
[Date "2018.07.16"]
[Round "5"]
[White "Morgunov, Marc"]
[Black "Stoleriu, George"]
[Result "0-1"]
[WhiteElo "2362"]
[BlackElo "2347"]
[Annotator "NA"]
[PlyCount "34"]
[EventDate "2018.07.12"]
[EventType "swiss"]
[EventCountry "GER"]
[SourceTitle "playchess.com"]
[Source "ChessBase"]
[SourceQuality "1"]
[TimeControl "40/5400+30:1800+30"]

{[%evp 15,33,25,22,30,38,0,0,-13,32767,-86,-110,32767,32767,-70,32767,32767,32767,32767,32767,-508]} 1. e4 {[%emt 0:00:00]} c6 {[%emt 0:00:00]} 2. Nc3 {[%emt 0:00:00]} d5 {[%emt 0:00:00]} 3. Nf3 {[%emt 0:00:02]} Bg4 {[%emt 0:00:07]} 4. h3 {[%emt 0:00:16]} Bh5 {[%emt 0:00:07]} 5. exd5 {[%emt 0:00:17]} cxd5 {[%emt 0:00:11]} 6. Bb5+ {[%emt 0:00:32]} Nc6 {[%emt 0:00:09]} 7. g4 {[%emt 0:00:06]} Bg6 {[%emt 0:00:04]} 8. Ne5 {[%emt 0:00:45]} Rc8 {[%emt 0:00:08]} 9. d4 {[%emt 0:00:40]} e6 $1 {[%emt 0:00:13]} 10. h4 {[%emt 0:04:54]} f6 {[%emt 0:00:07] LiveBook: 93 Games} 11. h5 {[%emt 0:09:23] B11: Caro-Kann: Two Knights Variation} (11. Bxc6+ bxc6 12. Nxg6 hxg6 13. Qd3 Kf7 14. Be3 Bd6 15. O-O-O Ne7 16. Ne2 Qa5 17. Kb1 Qb5 18. Qd2 Rb8 {0-1 (36) Fressinet,L (2662)-Kovalenko,I (2639) Katowice 2017}) 11... Bxc2 {[%emt 0:01:11]} 12. Qxc2 {[%emt 0:10:21]} (12. Bxc6+ $11 bxc6 13. Qxc2 fxe5 14. dxe5) 12... fxe5 {[%emt 0:00:11]} 13. dxe5 {[%emt 0:00:27]} Bb4 {[%emt 0:03:54]} 14. a3 {[%emt 0:10:22]} Bxc3+ {[%emt 0:07:56]} 15. Qxc3 {[%emt 0:01:59]} Nh6 $146 {[%emt 0:02:05]} ({Predecessor:} 15... Qb6 16. Ba4 Nge7 17. Bd2 O-O 18. f4 Nd4 19. Qd3 Rc4 20. b3 Nc2+ 21. Ke2 Re4+ 22. Kf3 Nxa1 23. Rxa1 g5 24. Be3 Rxe3+ 25. Qxe3 Rxf4+ {0-1 (25) Andreev,D (1937)-Bakalov,M (1774) Sofia 2017}) 16. f3 {[%emt 0:15:23]} O-O {[%emt 0:08:53]} 17. O-O $19 {[%emt 0:03:51]} (17. Bd2 $17 {is more resistant.}) 17... Qb6+ {[%emt 0:01:15]} 0-1

[Event "EYTCC Open U18 2018"]
[Site "Bad Blankeburg"]
[Date "2018.07.16"]
[Round "5"]
[White "Bronstein, Or"]
[Black "Buckels, Valentin"]
[Result "0-1"]
[WhiteElo "2350"]
[BlackElo "2353"]
[Annotator "NA"]
[PlyCount "78"]
[EventDate "2018.07.12"]
[EventType "swiss"]
[EventCountry "GER"]
[SourceTitle "playchess.com"]
[Source "ChessBase"]
[SourceQuality "1"]
[TimeControl "40/5400+30:1800+30"]

1. Nf3 {[%emt 0:00:00]} Nf6 {[%emt 0:00:00]} 2. c4 {[%emt 0:00:35]} e6 {[%emt 0:00:00]} 3. Nc3 {[%emt 0:00:45]} Bb4 {[%emt 0:00:00]} 4. Qc2 {[%emt 0:00:09]} d6 {[%emt 0:01:04]} 5. a3 {[%emt 0:00:43]} Bxc3 {[%emt 0:00:06]} 6. Qxc3 {[%emt 0:00:02]} e5 {[%emt 0:02:07]} 7. g3 {[%emt 0:00:59]} b6 {[%emt 0:02:03]} 8. Bg2 {[%emt 0:00:28]} Bb7 {[%emt 0:00:05]} 9. O-O {[%emt 0:00:15]} O-O {[%emt 0:02:55]} 10. b4 {[%emt 0:00:39]} a5 {[%emt 0:01:49]} 11. Bb2 {[%emt 0:00:25]} Nbd7 {[%emt 0:04:16]} 12. d3 {[%emt 0:00:27]} Qe7 {[%emt 0:09:50]} 13. e4 {[%emt 0:00:26] A17: English Opening: 1...Nf6 with ...Bb4} axb4 {[%emt 0:05:53]} 14. axb4 {[%emt 0:00:12]} Rxa1 {[%emt 0:00:18]} 15. Bxa1 {[%emt 0:02:53]} c5 $146 {[%emt 0:07:25]} ({Predecessor:} 15... c6 16. Nh4 d5 17. Nf5 Qe6 18. f4 Re8 19. Qd2 dxe4 20. dxe4 c5 21. fxe5 Nxe5 22. Qg5 g6 23. Nh6+ Kg7 24. Rxf6 Qxf6 25. Nf5+ {1-0 (25) Iskusnyh,S (2440)-Krishilovsky,A (2150) Novgorod 1997}) 16. Nh4 {[%emt 0:06:31]} g6 {[%emt 0:07:00] [#]} 17. f4 {[%emt 0:00:26]} (17. b5 $1 $16) 17... Nh5 {[%emt 0:02:03]} 18. Bh3 {[%emt 0:08:43]} cxb4 {[%emt 0:11:04]} 19. Qxb4 {[%emt 0:02:34]} Nc5 {[%emt 0:02:07]} (19... exf4 $11 {bleibt in der Remisbreite.} 20. Bxd7 Qxd7) 20. Qc3 {[%emt 0:08:03]} Nxf4 {[%emt 0:04:15]} 21. Rxf4 {[%emt 0:01:07]} Na4 {[%emt 0:00:13]} 22. Qc2 {[%emt 0:13:02]} exf4 {[%emt 0:00:09]} 23. Qxa4 {[%emt 0:00:02]} fxg3 {[%emt 0:00:31]} 24. Ng2 $2 {[%emt 0:13:45]} (24. hxg3 $11 {and White stays safe.} Ra8 25. Qd1) 24... Qg5 {[%emt 0:03:56]} 25. Qc2 {[%emt 0:01:19]} Qc5+ {[%emt 0:07:22]} 26. Kh1 {[%emt 0:07:31]} Qh5 {[%emt 0:00:20]} 27. Qc3 {[%emt 0:00:24]} f6 {[%emt 0:00:16]} 28. Be6+ {[%emt 0:00:46]} Kg7 {[%emt 0:00:10]} 29. h4 {[%emt 0:05:18]} Qd1+ {[%emt 0:01:25]} 30. Qe1 {[%emt 0:00:23]} Qxd3 {[%emt 0:00:19]} 31. Kg1 {[%emt 0:02:36]} Bxe4 {[%emt 0:04:03]} 32. Bd5 {[%emt 0:00:40]} Re8 {[%emt 0:02:02]} 33. Qf1 {[%emt 0:04:41]} Qxf1+ {[%emt 0:00:34]} 34. Kxf1 {[%emt 0:00:01]} Bxd5 {[%emt 0:00:27]} 35. cxd5 {[%emt 0:00:02]} Re4 {[%emt 0:00:07]} 36. Ne1 {[%emt 0:02:19]} Rxh4 {[%emt 0:00:20]} 37. Kg2 {[%emt 0:00:01]} Ra4 {[%emt 0:00:37]} 38. Bb2 {[%emt 0:00:17]} Re4 {[%emt 0:00:32]} 39. Nd3 $19 {[%emt 0:00:13]} Re2+ {[%emt 0:00:10]} 0-1

[Event "EYTCC Open U18 2018"]
[Site "Bad Blankeburg"]
[Date "2018.07.16"]
[Round "5"]
[White "Banzea, Alexandru-Bogdan"]
[Black "Blohberger, Felix"]
[Result "0-1"]
[WhiteElo "2337"]
[BlackElo "2420"]
[Annotator "TA"]
[PlyCount "112"]
[EventDate "2018.07.12"]
[EventType "swiss"]
[EventCountry "GER"]
[SourceTitle "playchess.com"]
[Source "ChessBase"]
[SourceQuality "1"]

{[%evp 11,112,17,14,6,17,10,11,4,6,18,17,0,12,13,48,39,43,8,19,0,20,22,20,4,30,6,7,-20,-24,-12,-37,-33,-31,-24,-31,-68,0,-5,0,0,0,0,0,0,0,0,0,0,0,8,108,105,106,111,112,0,0,0,0,-218,-211,-178,-122,-223,-217,-207,0,0,0,0,0,0,0,0,0,0,0,0,0,0,0,0,0,0,0,0,0,0,0,0,0,-81,-89,-72,268,-5206,-2767,-29984,-29985,-29985,-29986,-29995,-29989]} 1. e4 c6 2. d4 d5 3. exd5 cxd5 4. Bd3 Nf6 5. c3 Bg4 6. Qb3 Qc7 {LiveBook: 5 Games} 7. Ne2 {B13: Caro-Kann: Exchange Variation and Panov-Botvinnik Attack} Bxe2 8. Bxe2 e6 9. Nd2 {The position is equal.} (9. Na3 Nc6 10. Nb5 Qd7 11. Bf4 Rc8 12. a4 Na5 13. Qd1 a6 {1-0 (55) Zapata,A (2445)-Hernandez Carmenates,H (2533) Greensboro 2015}) 9... Nc6 10. Bd3 $146 ({Predecessor:} 10. Nf3 Bd6 11. O-O O-O 12. Bd3 e5 13. dxe5 Nxe5 14. Nxe5 Bxe5 {1-0 (66) Aepfler,C (2268)-Koksch,R (2089) Jena 2006}) 10... Bd6 11. g3 a6 12. O-O h5 13. Nf3 h4 14. Kg2 O-O-O 15. Nxh4 Rxh4 16. gxh4 Rh8 17. h3 Bf4 18. Qd1 Rxh4 19. Rh1 Nh5 20. Be2 Bxc1 21. Rxc1 Nf4+ 22. Kf1 g5 23. Bf3 f5 (23... Kb8 $15) 24. Bg2 Kb8 25. b3 Ka8 26. Qd2 Qa5 27. a4 Qc7 28. Qe3 Na5 29. c4 $1 {[%cal Rc4d5]} dxc4 30. bxc4 Nxg2 (30... Qd7 $1 $11) 31. Kxg2 $16 Qc6+ 32. d5 exd5 33. Qxg5 ({Only move:} 33. cxd5 $16 Qxd5+ 34. f3) 33... dxc4+ $11 {[%cal Bd5c4,Bc4c3][%mdl 32]} 34. f3 Rh8 35. Rcd1 $2 (35. Rhe1 $11 {and White is okay.}) 35... Qc8 $1 $19 {[%mdl 1024] Black has strong compensation.} 36. Kf2 Rg8 (36... c3 $19 {Threatens to win with ...c2.} 37. Rd3 (37. Rd5 $2 Nb3 $19) 37... c2) 37. Qe7 (37. Qd2 $17 Nb3 38. Qc3) 37... c3 38. Rd7 Re8 $2 (38... f4 $1 $19 39. Qd6 Nb3) 39. Rc7 $11 Qb8 40. Qc5 Qd8 {( -> ...Qd2+)} 41. Qxc3 Kb8 42. Rc5 ({Wrong is} 42. Qxa5 $2 Qd4+ 43. Kf1 f4 $19) 42... Qh4+ 43. Kf1 Qxa4 44. Re5 {And now Rxe8+ would win.} Rc8 45. Rc5 Re8 46. Re5 Rc8 47. Rc5 $36 {[%mdl 2048] White is pushing.} Nc6 48. Qc2 Qa1+ 49. Qc1 Qd4 50. Rc4 Qd5 51. Kf2 (51. Qf4+ $11 {keeps the balance.} Ka8 52. Kf2) 51... Rd8 $1 $17 {White must now prevent ...Ne5.} 52. Rc3 Ne5 $2 {[%mdl 8192] [#]} (52... Qd4+ $17 {stays on course.} 53. Kf1 Qa4) 53. Qe3 $4 {[%mdl 8192]} (53. Rd1 $1 $18 {[%mdl 512]} Qxd1 {[#]} 54. Rc8+ $1 {[%mdl 512]} Rxc8 55. Qxd1) 53... Qa2+ $19 54. Kg3 Rg8+ {Black mates.} 55. Kf4 Ng6+ 56. Kxf5 Qf7+ {Precision: White = 47%, Black = 68%.} 0-1

[Event "EYTCC Open U18 2018"]
[Site "Bad Blankeburg"]
[Date "2018.07.16"]
[Round "5"]
[White "Iliaguev, Nisim"]
[Black "Roseneck, Jonas"]
[Result "1/2-1/2"]
[WhiteElo "2335"]
[BlackElo "2182"]
[Annotator "NA"]
[PlyCount "138"]
[EventDate "2018.07.12"]
[EventType "swiss"]
[EventCountry "GER"]
[SourceTitle "playchess.com"]
[Source "ChessBase"]
[SourceQuality "1"]
[TimeControl "40/5400+30:1800+30"]

1. d4 {[%emt 0:00:00]} Nf6 {[%emt 0:00:00]} 2. c4 {[%emt 0:00:00]} e6 {[%emt 0:00:00]} 3. g3 {[%emt 0:00:00]} d5 {[%emt 0:00:00]} 4. Nf3 {[%emt 0:00:00]} dxc4 {[%emt 0:00:00]} 5. Bg2 {[%emt 0:00:00]} a6 {[%emt 0:00:02]} 6. a4 {[%emt 0:05:22]} Nc6 {[%emt 0:06:36]} 7. O-O {[%emt 0:03:15]} Rb8 {[%emt 0:05:09]} 8. a5 {[%emt 0:18:30] LiveBook: 36 Games} Bb4 {[%emt 0:24:57] E04: Open Catalan: 5 Nf3} 9. Qc2 {[%emt 0:05:30]} O-O {[%emt 0:12:29]} 10. Qxc4 {[%emt 0:01:21]} Qd5 {[%emt 0:00:10]} 11. Qxd5 {[%emt 0:10:56]} exd5 {[%emt 0:00:50]} 12. Bf4 {[%emt 0:02:36]} Ne8 $146 {[%emt 0:06:45]} ({Predecessor:} 12... Bf5 13. Bxc7 Rbc8 14. Bb6 Rfe8 15. e3 Bd3 16. Bh3 Bxf1 17. Bxc8 {0-1 (57) Konev,V (2016)-Dorer,M (2372) ICCF email 2013}) 13. Bd2 {[%emt 0:09:50]} Bd6 {[%emt 0:01:59]} 14. Rc1 {[%emt 0:06:55]} Ne7 {[%emt 0:03:40]} 15. Nc3 {[%emt 0:03:34]} c6 {[%emt 0:03:06]} 16. e4 {[%emt 0:01:06]} dxe4 {[%emt 0:00:09]} 17. Nxe4 {[%emt 0:00:05]} Nd5 {[%emt 0:01:55]} 18. Ne5 {[%emt 0:03:47]} Be7 {[%emt 0:03:56]} 19. Nc5 {[%emt 0:01:48]} Nef6 {[%emt 0:00:31]} 20. Bxd5 {[%emt 0:00:21]} cxd5 {[%emt 0:00:06]} 21. Bb4 {[%emt 0:01:49]} Re8 {[%emt 0:03:39]} 22. Ncd3 {[%emt 0:04:31]} Bxb4 {[%emt 0:00:59]} 23. Nxb4 {[%emt 0:00:01]} Be6 {[%emt 0:01:40]} 24. Nbd3 {[%emt 0:03:40]} Rec8 {[%emt 0:07:56]} 25. Nc5 {[%emt 0:01:01]} Ne4 {[%emt 0:02:01]} 26. b4 {[%emt 0:04:13]} Nd6 {[%emt 0:00:55]} 27. Rd1 {[%emt 0:01:28]} Rc7 {[%emt 0:00:24]} 28. f3 {[%emt 0:01:56]} Re8 {[%emt 0:02:09]} 29. Re1 {[%emt 0:04:07]} Bf5 {[%emt 0:04:17]} 30. g4 {[%emt 0:00:21]} Bg6 {[%emt 0:02:03]} 31. Ned7 {[%emt 0:01:32]} f6 {[%emt 0:00:58]} 32. Nb6 {[%emt 0:01:04]} Rxe1+ {[%emt 0:01:44]} 33. Rxe1 {[%emt 0:00:01]} Bf7 {[%emt 0:00:01]} 34. Kf2 {[%emt 0:01:20]} Nb5 {[%emt 0:01:45]} 35. Rd1 {[%emt 0:00:02]} Re7 {[%emt 0:00:13]} 36. Rd2 {[%emt 0:02:02]} Na7 {[%emt 0:02:17]} 37. Rc2 {[%emt 0:02:42]} h6 {[%emt 0:01:15]} 38. h3 {[%emt 0:01:00]} h5 {[%emt 0:01:33]} 39. gxh5 {[%emt 0:00:31]} Nc6 {[%emt 0:00:07]} 40. Nxa6 {[%emt 0:00:47]} Nxd4 {[%emt 0:00:53]} 41. Rd2 {[%emt 0:30:42]} Nb3 {[%emt 0:04:08]} 42. Rd3 {[%emt 0:00:00]} Nxa5 {[%emt 0:02:20]} 43. Nxd5 {[%emt 0:00:00]} Re5 {[%emt 0:02:41]} 44. Nac7 {[%emt 0:00:00]} Nc4 {[%emt 0:03:29] [#]} 45. h6 $1 {[%emt 0:00:00]} Rh5 {[%emt 0:03:56]} 46. hxg7 {[%emt 0:00:00]} Rxh3 {[%emt 0:04:54]} 47. Kg2 {[%emt 0:00:00]} Ne5 {[%emt 0:05:23]} 48. Ra3 {[%emt 0:00:00]} Rh4 {[%emt 0:03:04] [#]} 49. Ne7+ $1 {[%emt 0:00:00]} ({Stronger than} 49. Nxf6+ Kxg7 50. Nfe8+ Bxe8 $11) 49... Kh7 {[%emt 0:00:01]} 50. Ra8 $18 {[%emt 0:00:14]} Rxb4 {[%emt 0:00:05]} 51. g8=Q+ {[%emt 0:01:51]} Bxg8 {[%emt 0:00:01]} 52. Nxg8 {[%emt 0:00:31]} Rb2+ {[%emt 0:01:30]} 53. Kg3 {[%emt 0:00:12]} Rb3 {[%emt 0:00:02]} 54. Nxf6+ {[%emt 0:00:26]} Kg6 {[%emt 0:00:01]} 55. Nfd5 {[%emt 0:01:30]} Rxf3+ {[%emt 0:00:35]} 56. Kg2 {[%emt 0:00:01]} Rb3 {[%emt 0:00:37]} 57. Rf8 {[%emt 0:00:28]} Rb2+ {[%emt 0:01:44]} 58. Kh3 {[%emt 0:01:13]} Rb3+ {[%emt 0:00:27]} 59. Kh4 {[%emt 0:00:40]} Nf3+ {[%emt 0:00:02]} 60. Kg3 {[%emt 0:00:05]} Ne5+ {[%emt 0:01:15]} 61. Kf2 {[%emt 0:00:08]} b5 {[%emt 0:01:03]} 62. Rf6+ {[%emt 0:00:16]} Kh7 {[%emt 0:00:34]} 63. Rb6 {[%emt 0:01:25]} b4 {[%emt 0:00:24]} 64. Ke2 {[%emt 0:01:14]} Rb2+ {[%emt 0:00:02]} 65. Kd1 {[%emt 0:00:30]} b3 {[%emt 0:01:06]} 66. Nc3 {[%emt 0:01:00]} Rd2+ {[%emt 0:00:44]} 67. Kxd2 {[%emt 0:00:40]} Nc4+ {[%emt 0:00:01]} 68. Kc1 {[%emt 0:00:01]} Nxb6 {[%emt 0:00:10]} 69. Kb2 {[%emt 0:00:10]} Kg6 {[%emt 0:00:14]} 1/2-1/2

[Event "EYTCC Open U18 2018"]
[Site "Bad Blankeburg"]
[Date "2018.07.16"]
[Round "5"]
[White "Szustakowski, Antoni"]
[Black "Lagunow, Raphael"]
[Result "1-0"]
[WhiteElo "2330"]
[BlackElo "2411"]
[Annotator "TA"]
[PlyCount "85"]
[EventDate "2018.07.12"]
[EventType "swiss"]
[EventCountry "GER"]
[SourceTitle "playchess.com"]
[Source "ChessBase"]
[SourceQuality "1"]

{[%evp 26,85,0,20,35,0,6,-17,-22,-22,-20,-31,-29,-16,-9,-7,0,0,20,16,12,8,33,49,45,0,90,82,90,90,103,88,89,47,47,47,59,54,77,77,77,70,57,23,52,62,177,180,184,206,109,17,628,621,29986,29981,29981,29981,29981,29982,29985,29986]} 1. e4 c5 2. Nf3 Nc6 3. Bb5 g6 4. Bxc6 bxc6 5. O-O Bg7 6. Re1 Nh6 7. c3 O-O 8. d4 cxd4 9. cxd4 d5 10. e5 {B31: Sizilianisch (Rossolimo-Variante)} f6 11. Nbd2 fxe5 12. Nxe5 Bxe5 13. dxe5 Qb6 14. Nf3 {LiveBook: 6 Partien} Nf5 ({Aber nicht} 14... Ng4 $2 15. Qd2 $18) 15. Qc2 c5 {[#]} 16. Bg5 $146 ({Vorgänger:} 16. b3 Bb7 17. Ba3 Rac8 {1-0 (77) Karthikeyan,M (2585)-Mamedov,R (2709) Moscow 2018}) 16... Be6 17. Rac1 Rac8 18. h3 d4 19. b3 Bd5 20. Nh4 $1 Qe6 21. Nxf5 gxf5 22. Qd2 a5 {[%cal Ba7a5,Ba5a4][%mdl 32]} 23. f3 ({Natürlich nicht} 23. Qxa5 Qg6 $17) 23... a4 (23... Kh8 {seems wilder.} 24. Bf4 a4 25. b4 cxb4 26. Qxb4 d3) 24. b4 cxb4 25. Qxd4 {Droht stark Lxe7!} (25. Qxb4 {looks sharper.} Rxc1 26. Bxc1 Bxa2 27. Qxa4 Bc4 28. Bd2) 25... Rxc1 (25... b3 $11 26. Bxe7 Rxc1 27. Rxc1 Re8) 26. Rxc1 $16 Bxa2 {[#] Weiss muss nun ...Tb8 beachten.} 27. Qxb4 Qxe5 28. Qxa4 Bd5 29. Qh4 {Und Te1 würde nun gewinnen.} Ra8 $1 30. Bf4 Qg7 {Droht ...Lxf3.} 31. Bh6 Qg6 {Mit der Idee ...Lxf3.} 32. Kh1 Ra2 {[%csl Ga2][%cal Rg6g2] [#]} 33. Rc8+ Kf7 {[%csl Ga2][%cal Rg6g2]} 34. Rf8+ $40 {[%mdl 128] Weiss startet einen Angriff.} Ke6 {[%csl Ga2][%cal Rg6g2]} 35. Bg5 Ra1+ (35... Qg7 $1 $14 36. Re8 (36. Qe1+ Be4 $11) 36... Ra7) 36. Kh2 $18 Qg7 37. Re8 Ra7 38. Bh6 (38. Rb8 $16) 38... Qg6 $2 {[%mdl 8192]} (38... Qf6 $11 39. Bg5 Qg7) 39. Qe1+ Kd6 40. Bf4+ {Weiß setzt Matt.} Kc6 41. Qc3+ Kb5 42. Rb8+ Bb7 43. Qb3+ {Precision: Weiß = 66%, Schwarz = 41%.} 1-0